Statistics for Ultimate Shark Picture Quiz

Click here to take the quiz!

General Stats

  • This quiz has been taken 55 times
  • The average score is 16 of 24

Answer Stats

Answer% Correct
Hammerhead Shark
93%
Great White Shark
90%
Whale Shark
87%
Basking Shark
83%
Blacktip Reef Shark
83%
Tiger Shark
83%
Leopard Shark
80%
Bull Shark
77%
Megalodon
77%
Nurse Shark
77%
Lemon Shark
73%
Blue Shark
70%
Shortfin Mako Shark
70%
Thresher Shark
67%
Whitetip Reef Shark
67%
Cookiecutter Shark
60%
Wobbegong Shark
60%
Frilled Shark
57%
Goblin Shark
57%
Megamouth Shark
53%
Sand Tiger Shark
47%
Sawshark
37%
Helicoprion
27%
Sixgill Shark
23%

Score Distribution

Percentile by Number Answered

Percent of People with Each Score

Your Score History

You have not taken this quiz